| 000 | 01311nam0a22002651 4500 | ||
|---|---|---|---|
| 001 | rc\4719315 | ||
| 005 | 20250612162639.0 | ||
| 021 |
_aRU _b[64-24904] |
||
| 035 | _a(NLR Aleph) 008728611 | ||
| 090 |
_a9463012 _c9463012 |
||
| 100 | _a20130416d1964 |||y0rusy50 ca | ||
| 101 | 0 | _arus | |
| 102 | _aRU | ||
| 105 | _ay z ||||| | ||
| 200 | 1 |
_aМатериалы пленума _fМ-во здравоохранения СССР. Центр. ин-та травматологии и ортопедии. Второй пленум междувед. комис. по рациональной обуви М-ва здравоохранения СССР совместно с Всесоюз. о-вом травматологов-ортопедов. 31 марта - 2 апр. 1964 г., г. Москва |
|
| 210 |
_aМосква _cБ. и. _d1964 |
||
| 215 |
_a64 с. _d22 |
||
| 606 |
_aОртопедическая обувь _jСборники _2psbo |
||
| 710 | 0 | 1 |
_aСССР _bМинистерство здравоохранения _bМеждуведомственная комиссия по рациональной обуви _bПленум _d2 _f1964 _9856080 _3RU\NLR\AUTH\880595307 |
| 801 | 0 |
_aRU _bNLR _gpsbo |
|
| 801 | 1 |
_aRU _bELAR _2rusmarc |
|
| 852 |
_aNLR _j64-6/4539 |
||
| 942 | _cBOOK | ||
| 980 | _aNB | ||